| 000 | 00768cam a2200277 4500 | ||
|---|---|---|---|
| 999 |
_c8695 _d8695 |
||
| 001 | 8694 | ||
| 003 | BD-JhCC | ||
| 005 | 20180714182326.0 | ||
| 008 | 740506t19741973mau b 001 0 eng | ||
| 020 | _a0395177405 | ||
| 035 | _a(BD-JhCC)8694 | ||
| 040 |
_aDLC _cDLC _dDLC |
||
| 041 | _aeng | ||
| 050 | 0 | 0 |
_aPE1408 _b.M23 1974 |
| 082 | 0 | 0 |
_a808/.042 _bMCC 1974 |
| 100 | 1 | _aMcCrimmon, James McNab. | |
| 245 | 1 | 0 |
_aWriting with a purpose / _c[by] James M. McCrimmon. |
| 250 | _a2nd ed. | ||
| 260 |
_aBoston, _bHoughton Mifflin, _c1974 [c1973] |
||
| 300 |
_axii, 481 p. _c25 cm. |
||
| 504 | _aIncludes bibliographical references. | ||
| 650 | 0 |
_aEnglish language _xRhetoric. |
|
| 650 | 0 |
_aEnglish language _xGrammar. |
|
| 650 | 0 | _aReport writing. | |
| 942 |
_2ddc _cBK |
||